Gta games in order - Statistics

General Stats
  • This quiz has been taken 104 times
  • The average score is 10 of 20
Answer Stats
Hint Answer % Correct
2001 GTA 3
95%
1999 GTA 2
94%
2008 GTA 4
94%
2013 GTA 5
94%
1997 GTA 1
93%
2004 GTA San Andreas
88%
2002 GTA Vice City
88%
2006 GTA Vice City Stories
66%
2005 GTA Liberty City Stories
65%
2013 GTA Online
64%
2009 GTA Chinatown Wars
51%
1999 GTA London, 1969
39%
2009 GTA The Ballad of Gay Tony
36%
1999 GTA London, 1961
33%
2009 GTA 4 The Lost and Damned
15%
2005 GTA The Trilogy
10%
2003 GTA Double Pack
3%
2021 GTA The Trilogy – The Definitive Edition
3%
2013 GTA Advace
1%
2017 GTA Online: Gunrunning
0%
No matching quizzes found
Score Distribution
Percent of People with Each Score
Percentile by Number Answered
Your Score History
You have not taken this quiz